|
|
|
|
| LEADER |
01338cam a2200313 a 4500 |
| 001 |
c000293382 |
| 003 |
CARM |
| 005 |
20090804115559.0 |
| 008 |
760206s1958 onc i 000 0 eng d |
| 015 |
|
|
|a C75-7504-X
|
| 019 |
1 |
|
|a 3339692
|5 LACONCORD2021
|
| 035 |
|
|
|a (OCoLC)15783482
|5 LACONCORD2021
|
| 040 |
|
|
|a CAN
|b eng
|c CAN
|d CAN
|d ANL
|
| 043 |
|
|
|a n-cn---
|
| 055 |
0 |
2 |
|a KA65*
|
| 055 |
0 |
0 |
|a KA65 A2
|b C18 1958
|
| 082 |
0 |
4 |
|a 348/.71/047
|
| 245 |
0 |
4 |
|a The Canadian abridgment :
|b index of cases judicially noticed in Canadian reports : permanent supplement from January 1, 1953 to December, 1957 /
|c edited by Leonard G. Wrinch and Georgina M. Broad.
|
| 260 |
|
|
|a Toronto :
|b Burroughs (Eastern) :
|b Carswell Co. ;
|a Calgary :
|b Burroughs,
|c 1958.
|
| 300 |
|
|
|a 616 p. ;
|c 25 cm.
|
| 500 |
|
|
|a Caption title: Supplement to index of cases judicially noticed.
|
| 500 |
|
|
|a On spine: Supplement 1953-1957, cases judicially noticed.
|
| 650 |
|
0 |
|a Annotations and citations (Law)
|z Canada.
|
| 700 |
1 |
|
|a Wrinch, Leonard G.,
|d 1900-1956.
|
| 700 |
1 |
|
|a Broad, Georgina M.
|
| 772 |
0 |
0 |
|t Canadian abridgment.
|
| 852 |
8 |
|
|b CARM
|h A3:AE31F0
|i C12126
|p 0534035
|f BK
|
| 999 |
f |
f |
|i 5eb95f42-5d85-5167-9480-327b83fd742b
|s d0cbc518-8570-5995-b1fc-a6efacae32ff
|
| 952 |
f |
f |
|p Can circulate
|a CAVAL
|b CAVAL
|c CAVAL
|d CARM 1 Store
|e C12126
|f A3:AE31F0
|h Other scheme
|i book
|m 0534035
|